000 00371nam a22001337a 4500
020 _qHB.
040 _cFIZZA ISHAQ
082 _a005.73
_bMIC
100 _aROBERTO TAMWSS, GEAOD MICHADT.
_985070
245 _aDATA STRUETURES AND ALGORITHMS IN JAVA /
_cMICHADT GEARDROBERTO TAMESS
260 _aNEW YORK :
_bJHON WELEY SON,
_c2004
300 _a681 P ;
942 _2ddc
_cBK
999 _c586874
_d586874